header

Biscuit Finds a Friend (Record no. 262035)

MARC details
000 -LEADER
fixed length control field 00244nam a22001097a 4500
020 ## - INTERNATIONAL STANDARD BOOK NUMBER
ISBN 9780064442435
100 ## - MAIN ENTRY--AUTHOR NAME
Personal name Alyssa Satin
245 ## - TITLE STATEMENT
Title Biscuit Finds a Friend
260 ## - PUBLICATION, DISTRIBUTION, ETC. (IMPRINT)
Place of publication New Year
Name of publisher Harper Collins
Year of publication 1997
300 ## - PHYSICAL DESCRIPTION
Number of Pages 24 pgs
942 ## - ADDED ENTRY ELEMENTS (KOHA)
Koha item type Long Loan Books
Holdings
Withdrawn status Lost status Collection code Home library Current library Shelving location Date acquired Accession Number Koha item type
    Fiction Rongo University Library Rongo University Library Children's Area 29/11/2023 CL20211454 Long Loan Books

© 2026 Rongo University
Contact us: librarian | system librarian | Rongo university